| 000 | 00720nam a22002417a 4500 | ||
|---|---|---|---|
| 003 | UA-OsUOA | ||
| 001 | 27809 | ||
| 007 | ta | ||
| 008 | 20040914b un ||||| |||| 00| 0 ukr d | ||
| 100 | _aПіскун І. | ||
| 090 |
_a792(477) _bП34 |
||
| 942 | _cBK | ||
| 040 |
_aUA-OsUOA _bukr _cUA-OsUOA _dUA-OsUOA |
||
| 245 |
_aУкраїнський радянський театр _bНарис |
||
| 300 |
_a82 с. _bІлюстрації |
||
| 955 | _a0 | ||
| 041 | _aukr | ||
| 080 | _a792(477) | ||
| 260 |
_aКиїв _bДержавне видавництво образотворчого мистецтва і музичної літератури УРСР _c1957 |
||
| 044 | _aUA | ||
| 650 | 7 | _2UDC | |
| 999 |
_c314161 _d314161 |
||